000 00536nam a2200181Ia 4500
999 _c1853
_d1853
003 OSt
005 20201001095818.0
008 190216s9999||||xx |||||||||||||| ||und||
020 _a1898486301
040 _coclc
082 _a660.6
_bAHM/I
100 _aAhmed, Nuzhat
_95250
245 0 _aIndustrial And Environmental Biotechnology /
_cNuzhat Ahmed ; F M Qureshi ; O Y Khan
260 _bHorizon Press,
_c2004.
_aEngland:
300 _a196p
650 _aBotany
942 _cBK
_2ddc
_h660.6
_iAHM/I
_k660.6
_mAHM/I